Prínosy marketingového výskumu pre rozhodovanie o komunikačnom mixe v kultúrnej inštitúcii diplomová práca

Guardado en:
Detalles Bibliográficos
Autor principal: Ratkošová, Alexandra
Autor Corporativo: Obchodná fakulta EU. Katedra marketingu
Otros Autores: Kopaničová, Janka, 1979-
Formato: Libro
Lenguaje:eslovaco
Publicado: Bratislava 2024
Etiquetas: Agregar Etiqueta
Sin Etiquetas, Sea el primero en etiquetar este registro!

MARC

LEADER 00000nbm a2200000 4500
001 0302119
005 20241206152723.2
041 0 |a slo 
044 |a SK 
245 1 0 |a Prínosy marketingového výskumu pre rozhodovanie o komunikačnom mixe v kultúrnej inštitúcii  |b diplomová práca  |c Alexandra Ratkošová ; školiteľ: Janka Kopaničová 
264 1 |a Bratislava  |c 2024 
300 |a 77 s. 
100 1 |a Ratkošová, Alexandra 
700 1 |a Kopaničová, Janka, 1979- 
710 2 |a Obchodná fakulta EU. Katedra marketingu